000 00507nam a2200181Ia 4500
999 _c28047
_d28047
003 OSt
005 20260305115423.0
008 190216s9999||||xx |||||||||||||| ||und||
020 _a817705001
040 _coclc
082 _a894.8124
_bDAS/E
100 _aDas, Kamala
_95366
245 0 _aEnte Pathakal /
_cKamala das
260 _bPrabhath Book House,
_aThiruvananthapuram;
_c1999.
300 _a144p
650 _aLekhanam
942 _cBK
_2ddc
_h894.8124
_iDAS/E
_k894.8124
_mDAS/E